Diseño de proyectos de ingeniería / (Registro nro. 8214)

Detalles MARC
000 -LIDER
fixed length control field 01020nam a2200349 a 4500
001 - NÚMERO DE CONTROL
Identificador de número de control 000002160
003 - IDENTIFICACDOR DE NÚMERO DE CONTROL
control field DO-SdBNP
005 - DATE AND TIME OF LATEST TRANSACTION
control field 20171110103303.0
007 - CAMPOS FIJOS DE DESCRIPCIÓN FÍSICA
fixed length control field 000002160
008 - ELEMENTOS DE LONGITUD FIJA
fixed length control field 090701s2000 dr a 001 0 spa d
020 ## - ISBN
International Standard Book Number 9993425133
040 ## - FUENTE DE CATALOGACIÓN
Agencia que crea de manera original el registro BPMSU
Idioma de catalogación spa
Agencia que realiza la transcripción BPMSU
082 #4 - NÚMERO DE CLASIFICACIÓN DECIMAL DE DEWEY
Classification number 620.0042
Item number V748d
100 1# - ASIENTO PRINCIPAL -- NOMBRE PERSONAL
Nombre personal Villeta Mlineaux, Jesús
245 10 - MENCIÓN DE TITULO
Título Diseño de proyectos de ingeniería /
Mención de responsabilidad Jesús Villeta Molineaux.
260 0# - PUBLICACIÓN, DISTRIBUCIÓN, ETC. (PIE DE IMPRENTA)
Lugar de publicación, distribución, etc Santo Domingo :
Nombre del editor, distribuidor, etc. INTEC,
Fecha de publicación, distribución, etc 2000.
300 ## - DESCRIPCIÓN FÍSICA
Extensión 446 p. :
Otros detalles físicos il. ;
Dimensiones 27 cm.
500 ## - NOTA GENERAL
Nota general Bibliografía: p. 445-446
650 #4 - ENCABEZAMIENTO DE MATERIA--TEMÁTICO
Término temático o nombre geográfico como elemento de entrada DISEÑO EN INGENIERÍA
650 #4 - ENCABEZAMIENTO DE MATERIA--TEMÁTICO
Término temático o nombre geográfico como elemento de entrada DIBUJO TÉCNICO
650 #4 - ENCABEZAMIENTO DE MATERIA--TEMÁTICO
Término temático o nombre geográfico como elemento de entrada INGENIERÍA
Subdivisión temática general GRÁFICOS
910 ## - VALIDACIÓN
Validación Validado. Control de calidad MFF
930 #1 - EQUIVALENCE OR CROSS-REFERENCE-UNIFORM TITLE HEADING [LOCAL, CANADA]
Language of a work
Medium of performance for music
Medium
Field link and sequence number
Date of a work
Name of part/section of a work
Miscellaneous information
930 #1 - EQUIVALENCE OR CROSS-REFERENCE-UNIFORM TITLE HEADING [LOCAL, CANADA]
Language of a work
Medium of performance for music
Medium
Field link and sequence number
Date of a work
Name of part/section of a work
Miscellaneous information
Medium
930 #1 - EQUIVALENCE OR CROSS-REFERENCE-UNIFORM TITLE HEADING [LOCAL, CANADA]
Language of a work
Medium of performance for music
Medium
Field link and sequence number
Date of a work
Name of part/section of a work
Miscellaneous information
Medium
942 ## - ADDED ENTRY ELEMENTS (KOHA)
Source of classification or shelving scheme Dewey Decimal Classification
Koha item type Libros
945 ## - INFORMACIÓN DE PROCESAMIENTO LOCAL
Información de procesamiento local Invetariado / 2017 VM
956 ## - LOCAL ELECTRONIC LOCATION AND ACCESS (OCLC)
Nombre de host
Número de acceso
Información de compresión
Inicio de sesión
Procesador de solicitud
956 ## - LOCAL ELECTRONIC LOCATION AND ACCESS (OCLC)
Nombre de host
Número de acceso
Información de compresión
Inicio de sesión
Procesador de solicitud
956 ## - LOCAL ELECTRONIC LOCATION AND ACCESS (OCLC)
Nombre de host
Número de acceso
Información de compresión
Inicio de sesión
Procesador de solicitud
956 ## - LOCAL ELECTRONIC LOCATION AND ACCESS (OCLC)
Nombre de host VMATEO
Número de acceso 10
Información de compresión 20150825
Inicio de sesión BPMSU
Procesador de solicitud 00151
Existencias
Withdrawn status Lost status Source of classification or shelving scheme Damaged status Not for loan Collection code Home library Current library Date acquired Source of acquisition Total Checkouts Full call number Barcode Date last seen Price effective from Koha item type Copy number
    Dewey Decimal Classification     Colección General Biblioteca Pública Metropolitana Salomé Ureña Biblioteca Pública Metropolitana Salomé Ureña 08/25/2015 INTEC   620.0042 V748d BPMSU15080452 08/25/2015 08/25/2015 Libros  
    Dewey Decimal Classification     Colección General Biblioteca Pública Metropolitana Salomé Ureña Biblioteca Pública Metropolitana Salomé Ureña 08/25/2015 INTEC   620.0042 V748d BPMSU15080453 08/25/2015 08/25/2015 Libros e. 2
    Dewey Decimal Classification     Colección General Biblioteca Pública Metropolitana Salomé Ureña Biblioteca Pública Metropolitana Salomé Ureña 08/25/2015 INTEC   620.0042 V748d BPMSU15080454 08/25/2015 08/25/2015 Libros e. 3